Miesiące po rosyjsku - Statystyki

Ogólne statystyki
  • Ten quiz został rozwiązany 110 razy
  • Średni wynik to 8 z 12
Statystyki odpowiedzi
Месяц % Poprawnych
январь
87%
март
77%
май
75%
февраль
72%
апрель
72%
август
66%
июнь
61%
июль
59%
октябрь
59%
декабрь
51%
сентябрь
48%
ноябрь
48%
Nie znaleziono quizów pasujących do podanych kryteriów
Rozkład punktacji
Procent ludzi z każdym wynikiem
Percentyl według liczby udzielonych odpowiedzi
Twoja historia wyników
Nie rozwiązałeś tego quizu